Score 0/34 Timer 10:00
0 Plays Today
% Correct
mango
73.8%
apple
70.3%
watermelon
67.4%
banana
66.9%
grape
66.9%
strawberry
66.9%
fruit
64.5%
dragon fruit
55.8%
blueberry
54.1%
grapefruit
52.9%
lemon
51.2%
durian
44.2%
papaya
43.6%
lychee
43%
coconut
40.1%
cherry
36%
tangerine
33.1%
% Correct
plum
32.6%
honeydew
32.6%
asian pear
31.4%
kiwi
31.4%
orange
30.8%
pineapple
30.8%
cranberry
29.1%
cantaloupe
28.5%
avocado
27.3%
persimmon
27.3%
guava
27.3%
starfruit
26.2%
peach
24.4%
pomegranate
23.3%
nectarine
22.1%
pear
20.3%
raspberry
19.2%
Remove Ads.
Support Sporcle.
Get the best of Sporcle when you Go Orange. This ad-free experience offers more features, more stats, and more fun while also helping to support Sporcle. Thank you for becoming a member.

You're not logged in!

Compare scores with friends on all Sporcle quizzes.
OR
Log In

Show Comments

Extras

Top Quizzes Today


Score Distribution

Your Account Isn't Verified!

In order to create a playlist on Sporcle, you need to verify the email address you used during registration. Go to your Sporcle Settings to finish the process.

Report this User

Report this user for behavior that violates our Community Guidelines.

Details: